Quiz- 100 People in Oceania - Statistics

General Stats
  • This quiz has been taken 29 times
  • The average score is 5 of 8
Answer Stats
People Answer % Correct
50 Australia
100%
10 New Zealand
100%
20 Papua New Guinea
96%
2 Fiji
62%
2 Solomon Islands
46%
11 Indonesia
35%
1 Vanuatu
23%
3 United States of America
15%
No matching quizzes found
Score Distribution
Percent of People with Each Score
Percentile by Number Answered
Your Score History
You have not taken this quiz